000
00278nam a2200097Ia 4500
008
220204s9999 xx 000 0 und d
082
_a
058(540)1983
_b
TIM
245
0
_a
Times of India directory and yearbook. 1983, 1984
260
_a
Bombay
_b
Times of India press
_c
1983
942
_c
BK
999
_c
37064
_d
37064